Państwa najbliżej Niemiec z wyjątkami - Statystyki

Ogólne statystyki
  • Ten quiz został rozwiązany 74 razy
    64 od ostatniego zresetowania
  • Średni wynik to 13 z 15
Statystyki odpowiedzi
Km Państwa % Poprawnych
73km Szwecja
96%
469km Norwegia
93%
244km Węgry
91%
45km Włochy
89%
32km Liechtenstein
87%
475km Serbia
87%
224km Słowacja
87%
118km Słowenia
87%
330km Bośnia i Hercegowina
85%
222km Chorwacja
85%
457km Litwa
81%
344km Wielka Brytania
81%
391km San Marino
80%
401km Rosja
72%
421km Monako
67%
Nie znaleziono quizów pasujących do podanych kryteriów
Rozkład punktacji
Procent ludzi z każdym wynikiem
Percentyl według liczby udzielonych odpowiedzi
Twoja historia wyników
Nie rozwiązałeś tego quizu od ostatniego zresetowania